| 000 | 01223nam a22002297a 4500 | ||
|---|---|---|---|
| 003 | NALT | ||
| 005 | 20210808114401.0 | ||
| 008 | s2553 th ||||| |||| 00| 0 tha d | ||
| 020 | _a9789740206149 | ||
| 040 | _aNALT | ||
| 050 |
_aD 767.99.P4 _bส373ป 2553 |
||
| 100 | 1 |
_aสเล็ดจ์, อี.บี. _954173 |
|
| 245 | 1 | 0 |
_aแปซิฟิก สมรภูมิเดนตาย สหายร่วมรบ = _bWith the old breed / _cE.B. Sledge, เขียน ; ฉัตรนคร (องคสิงห์) เขมาสารี, แปล. |
| 260 |
_aกรุงเทพฯ : _bมติชน, _c2553 |
||
| 300 |
_a467 หน้า : _bภาพประกอบ ; _c21 ซม. |
||
| 650 |
_aสงครามโลก, ค.ศ. 1939-1945 _954174 _xการรบ _zญี่ปุ่น _zเกาะโอกินาวา |
||
| 650 |
_aทหาร _945295 _xชีวประวัติ _zสหรัฐอเมริกา |
||
| 651 | 4 |
_954176 _aเกาะโอกินาวา (ญี่ปุ่น) _xประวัติศาสตร์ |
|
| 850 | _aNALT | ||
| 942 |
_cGB _2lcc |
||
| 998 |
_bปรียานุช คลอวุฒิวัฒน์ _cphon _j104 _k สายฝน ดีงาม |
||
| 999 |
_c64767 _d64767 |
||